REVIEW OF APPLIED ENTOMOLOGY (Record no. 5597)

MARC details
000 -LEADER
fixed length control field 00475nam a2200157Ia 4500
022 ## - INTERNATIONAL STANDARD SERIAL NUMBER
ISSN 0305-0076
245 #0 - TITLE STATEMENT
Title REVIEW OF APPLIED ENTOMOLOGY
246 ## - VARYING FORM OF TITLE
Title proper/short title Review of Agricultural Entomology
260 ## - PUBLICATION, DISTRIBUTION, ETC. (IMPRINT)
Name of publisher CAB International, Wallingford, Oxon
Place of publication UK
310 ## - CURRENT PUBLICATION FREQUENCY
Current publication frequency M
500 ## - GENERAL NOTE
General note Ending Volume & Year: 78, 1990
500 ## - GENERAL NOTE
General note Missing Volume: 56-60;68(9);74(7);78(7-9)
500 ## - GENERAL NOTE
General note Starting Volume & Year: 53, 1965
942 ## - ADDED ENTRY ELEMENTS (KOHA)
Koha item type Bound Journal
Holdings
Withdrawn status Lost status Damaged status Not for loan Home library Current library Date acquired Accession Number Koha item type
      Bound journals RRII Library RRII Library 31/12/2021 05580J Bound Journal